000 01589aam a2200301 i 4500
001 768714001
003 CO-MdFUSB
005 20210716131611.0
007 ta
008 210716t2003 ec a|||| |||| 00| 0 spa d
020 _a9978430504
040 _bspa.
_aCO-MdFUSB
_cCO-MdFUSB
_dCO-MdFUSBC
_erda
041 _aspa
082 0 4 _a241
_223
_bB7153h
100 1 _aBonilla, Yattenciy
_eautor
245 1 0 _aHacia una ética de la vida :
_bdesde la perspectiva histórica-filosófica y bíblico-exegética como respuesta a los desafíos de la vida cotidiana y de la biogenética actual
_c/ Yattenciy Bonilla
264 1 _aQuito, Ecuador :
_bSIWET-CEINFO,
_c[2003]
264 4 _c© 2003
300 _a365 Páginas
_c; 21 cm
336 _atexto
_btxt
_2rdacontent
337 _2rdamedia
_asin mediación
_bn
338 _2rdacarrier
_avolumen
_bnc
505 _aDefinición de ética. -- La experiencia ética como lugar de discernimiento, elección y acción del hombre. -- Condiciones y límites de la libertad humana y social. Opción fundamental. -- Diferentes criterios de moralidad a través de la historia. -- El sermón de la montaña, como modelo de la ética de Cristo y las tentaciones. -- Hacia una ética cristiana como consecuencia de la cristología ética. -- La ética de Jesús y los desafíos contemporáneos. -- La clonación. -- El aborto. -- La eutanasia. -- La inseminación artificial. -- Fecundación "In vitro" y transferencia de embriones. -- La eugenesia.
_gFec
563 _aRústico
650 1 4 _aETICA CRISTIANA \ BIOETICA
942 _cBK
945 _aJTF-925
999 _c35340
_d35340